El psicoanálisis, proyecto y elucidación /

Los trabajos aquí reunidos, que constituyen la obra psicoanalítica de Cornelius Castoriadis, que ejerce como psicoanalista desde 1973, muestran tanto al crítico temible como al ciudadano comprometido con la comunidad, al sabio ocupado en los laberintos de las ciencias y también al político. Indignad...

Descripción completa

Detalles Bibliográficos
Autor principal: Castoriadis, Cornelius 1922-1997
Formato: Libro
Lenguaje:español
Publicado: Buenos Aires Nueva Visión 1998
Edición:2a. ed.
Colección:Psicología contemporánea
Materias:
Acceso en línea:

MARC

LEADER 00000cam a2200000 a 4500
001 001257
003 UAHC_CL
005 20170803115724.0
008 090420s1998 ag 000 spa
020 |a 9506022569 
040 |a UAHC_CL  |c UAHC_CL  |d UAHC_CL 
082 0 4 |a 150.195  |b C354  |2 20 
100 1 |a Castoriadis, Cornelius  |d 1922-1997 
245 1 3 |a El psicoanálisis, proyecto y elucidación /  |c Cornelius Castoriadis ; compilación y prólogo de Alberto I. Nahmías ; [traducción de Horacio Pons]. 
250 |a 2a. ed. 
260 |b Nueva Visión  |a Buenos Aires  |c 1998 
300 |a 155 p. 
490 0 |a Psicología contemporánea 
520 |a Los trabajos aquí reunidos, que constituyen la obra psicoanalítica de Cornelius Castoriadis, que ejerce como psicoanalista desde 1973, muestran tanto al crítico temible como al ciudadano comprometido con la comunidad, al sabio ocupado en los laberintos de las ciencias y también al político. Indignado con nuestra ""época de conformismo generalizado”, apunta a “crear instituciones que, interiorizadas por los individuos, faciliten lo más posible su acceso a la autonomía individual y la posibilidad de participación efectiva en todo poder explícito existente en la sociedad”. Operando sobre los campos convergentes de la sociología, la historia y el psicoanálisis, denuncia los vicios de la lógica-ontología, heredada, que han hecho estallar sus categorías en contacto con lo histórico-social y lo psíquico. 
521 |a Psicopatología social 
650 4 |a PSICOLOGIA SOCIAL 
650 4 |a PSICOANALISIS 
653 |a OB. PSICOLOGIA 
658 |a González, Gabriela 
900 |a 150.195 CAS 
942 |c BK 
952 |0 0  |1 0  |4 0  |6 150_195000000000000_CAS  |7 0  |8 General  |9 2791  |a BC  |b BC  |c General  |d 2017-08-03  |l 0  |o 150.195 CAS  |p 1371046  |r 2026-01-07 00:00:00  |t 1  |w 2017-08-03  |y BK 
952 |0 0  |1 0  |4 0  |6 150_195000000000000_CAS  |7 0  |8 General  |9 2792  |a BC  |b BC  |c General  |d 2017-08-03  |l 0  |o 150.195 CAS  |p 1371047  |r 2026-01-07 00:00:00  |t 2  |w 2017-08-03  |y BK 
952 |0 0  |1 0  |4 0  |6 150_195000000000000_CAS  |7 0  |8 General  |9 2793  |a BC  |b BC  |c General  |d 2017-08-03  |l 0  |o 150.195 CAS  |p 1371048  |r 2026-01-07 00:00:00  |t 3  |w 2017-08-03  |y BK 
999 |c 1257  |d 1257